Gottes sein ist im Werden: verantwortliche Rede vom Sein Gottes bei Karl Barth Eine paraphrase
Saved in:
| Main Author: | |
|---|---|
| Format: | Book |
| Language: | German |
| Published: |
Tubinga
J.C.B. Mohr
1967
|
| Edition: | 1a. ed |
| Subjects: | |
| Tags: |
Add Tag
No Tags, Be the first to tag this record!
|
MARC
| LEADER | 00000cam a2200000 a 4500 | ||
|---|---|---|---|
| 001 | UCE6840 | ||
| 003 | CL-VaPUC | ||
| 008 | 150507e19670000gw |||||||||||||||||ger|d | ||
| 082 | 0 | 4 | |a 212.1 |b JUN |2 21 |
| 100 | |a Jüngel, Eberhard |e author |9 580976 | ||
| 245 | 1 | 0 | |a Gottes sein ist im Werden: verantwortliche Rede vom Sein Gottes bei Karl Barth Eine paraphrase |
| 250 | |a 1a. ed | ||
| 300 | |a 122 p | ||
| 942 | |c BK | ||
| 945 | |d 20150507 00:22:00 |a arojas | ||
| 260 | |a Tubinga |b J.C.B. Mohr |c 1967 | ||
| 650 | 0 | |a Existencia de Dios |9 266954 | |
| 650 | 0 | |a Voluntad divina |9 399246 | |
| 583 | |a last modification |c 20150507 00:22:00 |k Rodrigo Vera | ||
| 999 | |c 359020 |d 359018 | ||
| 952 | |0 0 |1 0 |3 erd |4 0 |6 212_100000000000000_JUN_1967 |7 0 |8 A |9 468007 |a BIBTEO |b BIBTEO |e Casale Rolle, Carlos Ignacio, -2014 |i 5173108 |o 212.1 JUN 1967 |p 5173108 |r 2025-01-17 |w 2019-11-23 |y BK |z Catalogado en:20150507 |k ICR | ||